000 00463nam a22001217a 4500
008 241216b |||||||| |||| 00| 0 eng d
020 _a9789993653509
100 _aརིན་ཆེན་འོད་ཟེར།
245 _aལྷོའི་ཆོས་འབྱུང་འཕྲོ་མཐུན་འཇམ་མགོན་སྨོན་མཐའི་འཕྲེང་བ།
260 _c༢༠༡༩.
300 _ap. 841;
_c23 Cm.
942 _2ddc
999 _c10118
_d10119